[Event "III Open A"]
[Site "Biella ITA"]
[Date "2012.09.29"]
[Round "3"]
[White "Pulito, Alberto"]
[Black "Barbiso, Tiziana"]
[WhiteElo "2287"]
[BlackElo "2032"]
[Result "1-0"]
[PlyCount "43"]
[EventDate "2012.09.28"]

1. f4 d5 2. Nf3 Nf6 3. e3 Bg4 4. b3 e6 5. Bb2 Bd6 6. Be2 Bxf3 7. Bxf3 Nbd7 8.
c4 O-O 9. O-O c6 10. Qc2 Qe7 11. Nc3 Rfe8 12. Rae1 dxc4 13. bxc4 e5 14. d4 e4
15. Bd1 h6 16. g4 Qe6 17. Qg2 Nf8 18. g5 hxg5 19. fxg5 N6h7 20. c5 Bc7 21. Bb3
Qe7 22. Rxf7 1-0

[Event "III Open A"]
[Site "Biella ITA"]
[Date "2012.09.29"]
[Round "3"]
[White "Razzano, Lorenzo"]
[Black "Monjac, Mislav"]
[WhiteElo "1961"]
[BlackElo "2109"]
[Result "1/2-1/2"]
[PlyCount "125"]
[EventDate "2012.09.28"]

1. e4 c5 2. Nf3 d6 3. d4 cxd4 4. Nxd4 Nf6 5. Nc3 Nc6 6. h3 g6 7. Bc4 Bg7 8. Be3
O-O 9. Bb3 Bd7 10. O-O Na5 11. Qd3 Rc8 12. Nd5 a6 13. Rfe1 b5 14. Rad1 Nc4 15.
Bc1 Rc5 16. Bxc4 Rxc4 17. Ne3 Rc8 18. f4 Qb6 19. Kh2 e5 20. Ne2 Bc6 21. Nd5
Nxd5 22. exd5 Bd7 23. c3 Rc4 24. Be3 Qa5 25. a3 Qd8 26. b3 Rc8 27. fxe5 Bf5 28.
Qd2 Bxe5+ 29. Bf4 Bxf4+ 30. Nxf4 Qa5 31. b4 Qxa3 32. Ra1 Qxc3 33. Qxc3 Rxc3 34.
Rxa6 Rc4 35. Kg3 Rd8 36. Re7 g5 37. Nh5 Bg6 38. Nf6+ Kg7 39. Re8 Rcc8 40. Rxd8
Rxd8 41. Rxd6 Rc8 42. Rb6 Rc4 43. Ne8+ Kf8 44. Nd6 Rxb4 45. Rxb5 Rxb5 46. Nxb5
Ke7 47. Kf3 Bd3 48. Nc3 f5 49. g3 Kd6 50. h4 gxh4 51. gxh4 Ke5 52. Ke3 Bc4 53.
d6 Kxd6 54. Kf4 Ke6 55. Nd1 Bd3 56. Ne3 Be4 57. Nc4 Kf6 58. Ne3 Kg6 59. Nc4 Kh5
60. Nd6 Kxh4 61. Nxf5+ Bxf5 62. Kxf5 Kg3 63. Kg5 1/2-1/2

[Event "III Open A"]
[Site "Biella ITA"]
[Date "2012.09.29"]
[Round "3"]
[White "Salvador, Roland"]
[Black "Angelini, Marco"]
[WhiteElo "2484"]
[BlackElo "2223"]
[Result "1-0"]
[PlyCount "53"]
[EventDate "2012.09.28"]

1. d4 d5 2. Nf3 e6 3. c4 c6 4. e3 Nf6 5. Nc3 Nbd7 6. Qc2 b6 7. b3 Bb7 8. Bb2
Bd6 9. Bd3 O-O 10. O-O Qe7 11. Rfe1 dxc4 12. bxc4 c5 13. Ng5 h6 14. Nge4 cxd4
15. exd4 Nxe4 16. Nxe4 Bb4 17. d5 Bxe1 18. Rxe1 e5 19. Ng3 Rfe8 20. Nf5 Qf8 21.
Re3 g6 22. Rg3 e4 23. Qc3 Kh7 24. Nxh6 exd3 25. Rh3 Nf6 26. Ng4+ Nh5 27. Nf6+
1-0

[Event "III Open A"]
[Site "Biella ITA"]
[Date "2012.09.29"]
[Round "3"]
[White "Sgnaolin, Davide"]
[Black "Beccaris, Gabriele"]
[WhiteElo "2234"]
[BlackElo "2015"]
[Result "1-0"]
[PlyCount "69"]
[EventDate "2012.09.28"]

1. e4 d6 2. d4 Nf6 3. Nc3 e5 4. Nf3 Nbd7 5. Bc4 Be7 6. O-O O-O 7. Re1 c6 8. a4
h6 9. h3 Re8 10. b3 Qc7 11. Ba3 Nf8 12. Nh4 Be6 13. Bxe6 Nxe6 14. Nf5 Bf8 15.
Qd2 Rad8 16. Rad1 Kh7 17. Qe3 g6 18. dxe5 dxe5 19. Bxf8 Rxf8 20. Qxh6+ Kg8 21.
Qh4 Nh7 22. Qg3 Kh8 23. Ne3 Nd4 24. Ne2 Qe7 25. Nxd4 exd4 26. Nc4 Rfe8 27. Re2
Ng5 28. Rde1 Kg7 29. f4 Ne6 30. e5 Nc5 31. f5 Qc7 32. f6+ Kg8 33. Qh4 Rd5 34.
Qh6 Ne6 35. Re4 1-0

[Event "III Open A"]
[Site "Biella ITA"]
[Date "2012.09.29"]
[Round "3"]
[White "Solomon, Kenny"]
[Black "Bisi, Samuele"]
[WhiteElo "2426"]
[BlackElo "2050"]
[Result "1-0"]
[PlyCount "127"]
[EventDate "2012.09.28"]

1. d4 Nf6 2. c4 e6 3. Nf3 c5 4. d5 exd5 5. cxd5 d6 6. Nc3 g6 7. Bf4 Bg7 8. Qa4+
Bd7 9. Qb3 Qc7 10. e4 O-O 11. Be2 Ne8 12. Nd2 a6 13. a4 Bc8 14. O-O Nd7 15. Nc4
b6 16. Bg3 Rb8 17. f4 f5 18. e5 Kh8 19. Rae1 b5 20. axb5 axb5 21. Nxb5 Qb7 22.
Ncxd6 Nxd6 23. exd6 Nf6 24. Qc2 Ne4 25. Bh4 Bd7 26. Nc3 Qxb2 27. Qxb2 Rxb2 28.
Nxe4 fxe4 29. Bc4 Bd4+ 30. Kh1 e3 31. h3 Rfb8 32. Re2 R2b4 33. Rc1 Kg7 34. Ra2
R8b7 35. g4 h5 36. Be2 Rb2 37. Rc2 Rb1+ 38. Kg2 R1b6 39. Be7 Rb4 40. Ra8 Rb2
41. Ra2 Rb1 42. Kh2 Re1 43. Bh4 Reb1 44. Kg2 Kf7 45. Bg3 R1b6 46. f5 hxg4 47.
fxg6+ Kxg6 48. hxg4 Kg5 49. Ra8 Kf6 50. Rf8+ Kg7 51. Rd8 Bf6 52. Ra8 Bd4 53.
Rd8 Bf6 54. Ra8 Bd4 55. Kh3 Kf6 56. Kg2 Kg7 57. Kf3 Kf6 58. Bf4 Rb4 59. Rf8+
Kg7 60. Rd8 Bf6 61. Rxd7+ Rxd7 62. Rxc5 Bd4 63. Rc7 Rb7 64. Bb5 1-0

[Event "III Open A"]
[Site "Biella ITA"]
[Date "2012.09.29"]
[Round "3"]
[White "Stella, Andrea"]
[Black "Madiai, Federico"]
[WhiteElo "2456"]
[BlackElo "2214"]
[Result "0-1"]
[PlyCount "122"]
[EventDate "2012.09.28"]

1. Nf3 e6 2. c4 Nf6 3. g3 d5 4. Bg2 Be7 5. O-O O-O 6. b3 a5 7. Nc3 c6 8. d4 b6
9. Ne5 Nfd7 10. Nxd7 Nxd7 11. e4 Ba6 12. exd5 cxd5 13. Re1 Rc8 14. Nb5 Nf6 15.
Qe2 Bxb5 16. cxb5 Ne8 17. Bf4 Bf6 18. Qd3 Nd6 19. Rac1 Qd7 20. a4 Nf5 21. Be5
Bxe5 22. dxe5 Ne7 23. Qd4 Rxc1 24. Rxc1 Rc8 25. Rxc8+ Nxc8 26. b4 axb4 27. Qxb4
Qc7 28. Qd4 Ne7 29. Bh3 Ng6 30. f4 Ne7 31. Bf1 Nf5 32. Qf2 g6 33. g4 Ne7 34.
Bd3 Qc3 35. Bf1 d4 36. Qh4 Qe3+ 37. Qf2 Qc3 38. Qh4 Nd5 39. f5 Qe3+ 40. Qf2
Qxe5 41. fxe6 fxe6 42. Bc4 Nf4 43. Qf3 Kg7 44. a5 bxa5 45. b6 d3 46. Bxd3 Qd4+
47. Kh1 Nxd3 48. b7 Qa1+ 49. Kg2 Ne1+ 50. Kf2 Nxf3 51. b8=Q Ne5 52. g5 Qd4+ 53.
Ke2 Qe4+ 54. Kd1 Qd3+ 55. Kc1 Qf1+ 56. Kc2 Qe2+ 57. Kc3 Qd3+ 58. Kb2 Qd2+ 59.
Ka1 Qxg5 60. Qc7+ Nf7 61. Ka2 Qd5+ 0-1

[Event "III Open A"]
[Site "Biella ITA"]
[Date "2012.09.29"]
[Round "3"]
[White "Ubezio, Marco"]
[Black "Naumkin, Igor"]
[WhiteElo "2133"]
[BlackElo "2473"]
[Result "1/2-1/2"]
[PlyCount "74"]
[EventDate "2012.09.28"]

1. e4 e5 2. Nf3 Nc6 3. Bb5 a6 4. Bxc6 dxc6 5. O-O Qd6 6. d4 exd4 7. Nxd4 Bd7 8.
Be3 O-O-O 9. Nd2 Nh6 10. f3 Qg6 11. Qe1 f5 12. Qg3 Qxg3 13. hxg3 c5 14. Ne2 Nf7
15. Rad1 b6 16. Nc3 Be6 17. exf5 Bxf5 18. Nde4 Rxd1 19. Rxd1 Be7 20. g4 Bg6 21.
Kf2 Re8 22. Bf4 Bd8 23. Rd2 h6 24. Ng3 Ng5 25. Nf5 Rf8 26. Be5 h5 27. Bxg7 Rf7
28. Bh6 Ne6 29. Be3 hxg4 30. Nh6 Bh4+ 31. Kg1 Rd7 32. Rxd7 Kxd7 33. Nxg4 Bxc2
34. Ne5+ Kd6 35. Nc4+ Kc6 36. Ne5+ Kd6 37. Nc4+ Kc6 1/2-1/2

[Event "III Open A"]
[Site "Biella ITA"]
[Date "2012.09.29"]
[Round "3"]
[White "Vezzosi, Paolo"]
[Black "Siclari, Giovanni"]
[WhiteElo "2309"]
[BlackElo "1969"]
[Result "1/2-1/2"]
[PlyCount "116"]
[EventDate "2012.09.28"]

1. d4 Nf6 2. c4 e6 3. Nf3 b6 4. e3 Bb7 5. Bd3 Be7 6. Nc3 c5 7. O-O d6 8. b3
Nbd7 9. Bb2 O-O 10. d5 e5 11. Nd2 Re8 12. a3 Bf8 13. Bc2 g6 14. b4 Bg7 15. Rb1
Re7 16. Ba4 Ne8 17. Bc6 Nf8 18. e4 Rb8 19. Bc1 Qc8 20. Qa4 Bh6 21. Rd1 Nd7 22.
Bxd7 Rxd7 23. Nb5 Ba6 24. Nf3 Bxb5 25. cxb5 Bxc1 26. Rdxc1 Rdb7 27. Nd2 Qd7 28.
Qd1 Rc7 29. bxc5 Rxc5 30. Rxc5 dxc5 31. Nc4 f6 32. d6 Rd8 33. Qd3 Kf8 34. Rd1
Ng7 35. Qf3 Qe6 36. Rd5 Kg8 37. Qd3 Qd7 38. a4 Ne6 39. g3 Nd4 40. Kg2 Kg7 41.
h3 h5 42. f4 exf4 43. gxf4 f5 44. Rxd4 cxd4 45. Qxd4+ Kh7 46. e5 Qe6 47. Nd2
Rc8 48. Kg3 g5 49. fxg5 Kg7 50. Qf4 Rc3+ 51. Kh4 Qd5 52. Qxf5 Qxd2 53. Qf6+ Kg8
54. Qe6+ Kg7 55. Qf6+ Kg8 56. Qg6+ Kf8 57. Qf6+ Kg8 58. Qg6+ Kf8 1/2-1/2

[Event "III Open A"]
[Site "Biella ITA"]
[Date "2012.09.29"]
[Round "3"]
[White "Villa, Giorgio"]
[Black "Moroni, Luca jr"]
[WhiteElo "1966"]
[BlackElo "2120"]
[Result "1/2-1/2"]
[PlyCount "94"]
[EventDate "2012.09.28"]

1. d4 d5 2. Nf3 Nf6 3. c4 e6 4. Bg5 c6 5. e3 Qa5+ 6. Nbd2 Ne4 7. Bf4 Nd7 8. Bd3
Nxd2 9. Nxd2 dxc4 10. Bxc4 e5 11. dxe5 Nxe5 12. O-O Nxc4 13. Nxc4 Qb4 14. Rc1
Be6 15. Nd6+ Bxd6 16. Bxd6 Qa5 17. Qd4 O-O-O 18. Rfd1 f6 19. b4 Qb6 20. Qc3 a6
21. a4 Rd7 22. b5 Rhd8 23. Qa3 Qc7 24. bxa6 bxa6 25. Rxc6 Qxc6 26. Rc1 Rxd6 27.
Rxc6+ Rxc6 28. h3 Rd1+ 29. Kh2 Rd7 30. Qf8+ Kc7 31. a5 Rc2 32. Qa8 Rxf2 33.
Qxa6 Bd5 34. e4 Rb2 35. exd5 Rxd5 36. Qe6 Rdd2 37. Qf7+ Kc6 38. Qxg7 Rxg2+ 39.
Qxg2+ Rxg2+ 40. Kxg2 Kb5 41. Kf3 Kxa5 42. Kf4 Kb5 43. Kf5 Kc6 44. Kxf6 Kd6 45.
h4 h5 46. Kg6 Ke6 47. Kxh5 Kf7 1/2-1/2

[Event "III Open A"]
[Site "Biella ITA"]
[Date "2012.09.30"]
[Round "4"]
[White "Aghayev, Miragha"]
[Black "Guidi, Maurizio"]
[WhiteElo "2238"]
[BlackElo "2058"]
[Result "1-0"]
[PlyCount "139"]
[EventDate "2012.09.28"]

1. e4 b6 2. d4 Bb7 3. Bd3 e6 4. Nf3 Ne7 5. O-O g6 6. Be3 Bg7 7. Qd2 h6 8. h3 d6
9. Nc3 Nd7 10. Nh2 a6 11. Ne2 Nf6 12. f3 Kf8 13. c4 Kg8 14. Nc3 Kh7 15. f4 d5
16. cxd5 exd5 17. e5 Ne4 18. Qc2 Ng3 19. Rfd1 Nef5 20. Bf2 Qd7 21. Nf1 Nxf1 22.
Rxf1 h5 23. Ne2 Bc8 24. Rac1 Ra7 25. Ng3 Kg8 26. Nxf5 gxf5 27. Bh4 Qe6 28. Rf3
Rh6 29. b4 b5 30. Rg3 Rg6 31. Rg5 Qb6 32. Bf2 Rxg5 33. fxg5 Qg6 34. Be3 Bf8 35.
Bd2 h4 36. Rf1 Qb6 37. Bc3 Qg6 38. Bxf5 Bxf5 39. Qxf5 Qxf5 40. Rxf5 a5 41. bxa5
b4 42. Be1 Rxa5 43. Rf2 c5 44. Rb2 Kg7 45. Kf1 Kg6 46. dxc5 Bxc5 47. Bxb4 Bxb4
48. Rxb4 Rxa2 49. Rxh4 Kxg5 50. Rd4 Ra5 51. Rd3 Rb5 52. Rf3 Kg6 53. Rf6+ Kg7
54. Rd6 d4 55. e6 Rb1+ 56. Kf2 Rb2+ 57. Kf3 Rb3+ 58. Kf4 fxe6 59. Rxe6 Rb2 60.
g4 Rh2 61. Kg3 Rd2 62. h4 d3 63. Rd6 Rd1 64. Kf4 d2 65. Kg5 Kf7 66. h5 Ke7 67.
Rd3 Kf7 68. h6 Ke6 69. h7 Rh1 70. Kg6 1-0

[Event "III Open A"]
[Site "Biella ITA"]
[Date "2012.09.30"]
[Round "4"]
[White "Angelini, Marco"]
[Black "Laurenti, Stefano"]
[WhiteElo "2223"]
[BlackElo "2037"]
[Result "1-0"]
[PlyCount "59"]
[EventDate "2012.09.28"]

1. e4 Nf6 2. e5 Nd5 3. d4 d6 4. c4 Nb6 5. exd6 exd6 6. Nc3 Be7 7. Bd3 Nc6 8.
Nge2 Bf6 9. Be3 O-O 10. b3 Bg4 11. O-O d5 12. c5 Nc8 13. Qb1 g6 14. h3 Bxe2 15.
Nxe2 a5 16. a3 b6 17. Qc2 Rb8 18. Rab1 bxc5 19. Qxc5 Rb6 20. Nc3 N8e7 21. Be2
Qd7 22. Bg4 Qd6 23. Bf3 Qxc5 24. dxc5 Bxc3 25. cxb6 d4 26. Bh6 Rc8 27. b7 Rb8
28. Rfe1 Bxe1 29. Rxe1 Nf5 30. Bxc6 1-0

[Event "III Open A"]
[Site "Biella ITA"]
[Date "2012.09.30"]
[Round "4"]
[White "Arnaudov, G. Petar"]
[Black "Brunello, Sabino"]
[WhiteElo "2485"]
[BlackElo "2586"]
[Result "1/2-1/2"]
[PlyCount "93"]
[EventDate "2012.09.28"]

1. d4 d5 2. c4 e6 3. Nf3 c6 4. Qc2 dxc4 5. Qxc4 b5 6. Qc2 Bb7 7. e4 Nd7 8. Be2
Ngf6 9. O-O Rc8 10. Nc3 b4 11. e5 Nd5 12. Nxd5 cxd5 13. Qd3 Be7 14. a3 bxa3 15.
b3 Nb8 16. Bxa3 Ba6 17. Qd2 Bxe2 18. Bxe7 Qxe7 19. Qxe2 Qb7 20. Qa2 O-O 21.
Qxa7 Qxb3 22. Rac1 Nc6 23. Qa6 Ne7 24. Rxc8 Rxc8 25. Qd6 Nf5 26. Qd7 Rf8 27. h3
Qc3 28. Qa7 h6 29. Rb1 Kh7 30. Rd1 Qc2 31. Ra1 Qe4 32. Qc5 Rb8 33. Qc3 Rb1+ 34.
Rxb1 Qxb1+ 35. Kh2 Qa2 36. Kg1 Qb1+ 37. Kh2 Qf1 38. Qc2 Qc4 39. Qd2 Qb3 40. h4
Qb1 41. g4 Qe4 42. gxf5 Qxf3 43. fxe6 fxe6 44. Qc2+ Kg8 45. Qc8+ Kh7 46. Qc2+
Kg8 47. Qc8+ 1/2-1/2

[Event "III Open A"]
[Site "Biella ITA"]
[Date "2012.09.30"]
[Round "4"]
[White "Barlocco, Carlo"]
[Black "Brunello, Marina"]
[WhiteElo "2076"]
[BlackElo "2250"]
[Result "1/2-1/2"]
[PlyCount "108"]
[EventDate "2012.09.28"]

1. d4 d5 2. c4 c6 3. Nf3 Nf6 4. Qb3 dxc4 5. Qxc4 Bf5 6. Nc3 e6 7. g3 Nbd7 8.
Bg2 Be7 9. O-O O-O 10. Nh4 Bg6 11. Nxg6 hxg6 12. e4 Nb6 13. Qd3 c5 14. d5 e5
15. f4 Bd6 16. f5 gxf5 17. Rxf5 Ne8 18. Be3 g6 19. Rf2 Kg7 20. Rc1 a6 21. Nb1
Nd7 22. Bh3 b6 23. a4 Rh8 24. Kg2 Nef6 25. Nd2 Rxh3 26. Kxh3 Qh8+ 27. Kg2 Ng4
28. h3 Nxf2 29. Bxf2 Qb8 30. Nc4 Qc7 31. b3 a5 32. Rd1 Rh8 33. g4 Nf6 34. Bg3
Re8 35. Bh4 Ng8 36. Ne3 Rb8 37. Qb5 Be7 38. Bg3 Nf6 39. d6 Bxd6 40. Nc4 Rd8 41.
Nxd6 Rxd6 42. Bxe5 Rd2+ 43. Rxd2 Qxe5 44. Qd3 Nxe4 45. Re2 f5 46. Qe3 Kf6 47.
gxf5 gxf5 48. Qh6+ Kf7 49. Qh7+ Kf8 50. Qg6 Qd5 51. Kh2 Qe5+ 52. Kg1 Qd4+ 53.
Kg2 Qd5 54. Kh2 Qe5+ 1/2-1/2

[Event "III Open A"]
[Site "Biella ITA"]
[Date "2012.09.30"]
[Round "4"]
[White "Bisi, Samuele"]
[Black "Gagliardi, Christian"]
[WhiteElo "2050"]
[BlackElo "2217"]
[Result "1-0"]
[PlyCount "109"]
[EventDate "2012.09.28"]

1. d4 Nf6 2. c4 e6 3. Nf3 d5 4. Nc3 Bb4 5. Bg5 Nbd7 6. cxd5 exd5 7. e3 c5 8.
Bd3 Qa5 9. Qc2 c4 10. Bf5 O-O 11. O-O Re8 12. Nd2 g6 13. Bh3 Bxc3 14. bxc3 Ne4
15. Nxe4 dxe4 16. Bh4 Nb6 17. Bxc8 Raxc8 18. Rab1 Nd5 19. Rxb7 Nxc3 20. g4 Nd5
21. Rfb1 a6 22. Bg3 c3 23. h3 Qa3 24. Qb3 Qxb3 25. R7xb3 Re6 26. Kf1 Rec6 27.
Ke1 f6 28. Rb7 Rc4 29. a3 R4c6 30. Rc1 Rd8 31. Kd1 Rf8 32. Kc2 Rf7 33. Rcb1 g5
34. Rxf7 Kxf7 35. Rb7+ Ke6 36. Rb3 Rc8 37. Rb7 Rc6 38. Rb3 Rc8 39. Rb7 h6 40.
Bb8 Rc6 41. Ba7 Rc7 42. Rxc7 Nxc7 43. Bc5 Nd5 44. Bb4 f5 45. Bxc3 fxg4 46. hxg4
Nf6 47. d5+ Nxd5 48. Bg7 Kf7 49. Bxh6 Kg6 50. Bf8 Nf6 51. Bd6 Nxg4 52. Bg3 Kf5
53. Kc3 Nh6 54. Kd4 Nf7 55. a4 1-0

[Event "III Open A"]
[Site "Biella ITA"]
[Date "2012.09.30"]
[Round "4"]
[White "Cafaro, Luca"]
[Black "Boschetti, Claudio"]
[WhiteElo "1921"]
[BlackElo "2111"]
[Result "0-1"]
[PlyCount "108"]
[EventDate "2012.09.28"]

1. e4 e5 2. Nf3 Nc6 3. Bc4 Nf6 4. d3 Bc5 5. c3 d6 6. Nbd2 a6 7. Bb3 O-O 8. O-O
Qe7 9. h3 Kh8 10. Nc4 Ba7 11. Ne3 Be6 12. Ng5 h6 13. Nxe6 fxe6 14. Ng4 Nxg4 15.
Qxg4 Rf6 16. Be3 Raf8 17. Qh5 Qf7 18. Qxf7 R8xf7 19. Bxa7 Nxa7 20. d4 Nc6 21.
Rad1 Rf8 22. d5 Na5 23. dxe6 Nxb3 24. e7 Re8 25. axb3 Rxe7 26. f3 h5 27. g3 g5
28. Rde1 Kg8 29. h4 gxh4 30. gxh4 Rf4 31. Kf2 Ref7 32. Kg3 Kh7 33. b4 Kg8 34.
c4 Kf8 35. b3 Ke7 36. Rd1 Ke6 37. Rde1 c6 38. Rd1 Rd7 39. Rd3 Rg7+ 40. Kh3 Rgf7
41. Kg3 Rxe4 42. Rfd1 Rg7+ 43. Kh3 Re2 44. Rxd6+ Kf5 45. Rh6 Kf4 46. Rf6+ Ke3
47. Rf5 Kf2 48. Rg5 Rf7 49. Rxh5 Rxf3+ 50. Kg4 Re4+ 51. Kg5 Rxb3 52. b5 cxb5
53. cxb5 Rxb5 54. Kf5 Rd4 0-1

[Event "III Open A"]
[Site "Biella ITA"]
[Date "2012.09.30"]
[Round "4"]
[White "Capaliku, Aleks"]
[Black "Penna, Tommaso"]
[WhiteElo "2114"]
[BlackElo "1829"]
[Result "1-0"]
[PlyCount "57"]
[EventDate "2012.09.28"]

1. d4 Nf6 2. c3 b6 3. Bg5 e6 4. f4 Bb7 5. e3 c5 6. Nf3 Be7 7. Bxf6 Bxf6 8. Bd3
Nc6 9. O-O O-O 10. Nbd2 Qc7 11. Ne4 Be7 12. Nfg5 f5 13. Ng3 cxd4 14. exd4 Bxg5
15. fxg5 Ne7 16. Qd2 f4 17. Ne4 Nd5 18. Rf3 Ne3 19. Rh3 Qc6 20. Qe2 g6 21. Nf6+
Rxf6 22. gxf6 Rf8 23. Rxe3 fxe3 24. Rf1 Qd5 25. Qg4 Kf7 26. c4 Qa5 27. Qh3 h5
28. Qxe3 Rg8 29. Qh6 1-0

[Event "III Open A"]
[Site "Biella ITA"]
[Date "2012.09.30"]
[Round "4"]
[White "Ceschia, Ivano"]
[Black "Sgnaolin, Davide"]
[WhiteElo "2291"]
[BlackElo "2234"]
[Result "1/2-1/2"]
[PlyCount "105"]
[EventDate "2012.09.28"]

1. e4 c5 2. Nf3 Nc6 3. Bb5 g6 4. Bxc6 dxc6 5. Nc3 Bg7 6. d3 e5 7. Be3 Qe7 8.
O-O Bg4 9. h3 Bxf3 10. Qxf3 Nf6 11. a3 O-O 12. Rfb1 a5 13. a4 Nd7 14. Qe2 f5
15. exf5 gxf5 16. f3 Rae8 17. Bd2 Qh4 18. Rf1 Re6 19. Kh1 Nf6 20. Qf2 Qxf2 21.
Rxf2 b6 22. Re1 Rfe8 23. g4 f4 24. Rfe2 Kf7 25. Ne4 h6 26. Nxf6 Bxf6 27. Bc3
Bh4 28. Ra1 c4 29. Rd1 cxd3 30. Rxd3 e4 31. Rd4 exf3 32. Rxf4+ Kg6 33. Rxe6+
Rxe6 34. Rxf3 Re2 35. Rd3 Be7 36. Rd2 Re4 37. Rd7 Kf7 38. Rb7 Rxa4 39. Rxb6 Rc4
40. Bxa5 Rxc2 41. Bc3 Bd6 42. Rxc6 Ke6 43. Kg1 Kd5 44. Ra6 Bc5+ 45. Kf1 Be3 46.
Bg7 Ke4 47. Re6+ Kf3 48. Rf6+ Bf4 49. Rxf4+ Kxf4 50. Bxh6+ Kf3 51. Ke1 Rxb2 52.
Bg7 Rb7 53. Bf6 1/2-1/2

[Event "III Open A"]
[Site "Biella ITA"]
[Date "2012.09.30"]
[Round "4"]
[White "Davi, Alessandro"]
[Black "Cocconcelli, Lorenzo"]
[WhiteElo "2122"]
[BlackElo "2017"]
[Result "1-0"]
[PlyCount "125"]
[EventDate "2012.09.28"]

1. f4 d5 2. Nf3 Nf6 3. e3 c5 4. d3 Nc6 5. Be2 Qc7 6. O-O e5 7. Nc3 exf4 8. e4
d4 9. Nb5 Qa5 10. a4 a6 11. Na3 Qc7 12. Ng5 h6 13. Bxf4 Bd6 14. Bxd6 Qxd6 15.
Nc4 Qc7 16. Nf3 O-O 17. Nh4 Be6 18. b3 b5 19. Nd2 Ne5 20. Nf5 Bxf5 21. Rxf5
Rae8 22. Qe1 Neg4 23. Nf1 g6 24. Rf3 Kg7 25. Rh3 h5 26. Qd2 c4 27. axb5 axb5
28. bxc4 bxc4 29. Ra6 cxd3 30. cxd3 Re6 31. Ra5 Re5 32. Ra6 Re6 33. Ra5 Re5 34.
Ra2 Qc5 35. Rc2 Qb6 36. Rb2 Qc5 37. Bxg4 Nxg4 38. Rf3 Qc3 39. h3 Qxd2 40. Nxd2
Nf6 41. Rb4 Rd8 42. Nb3 Re7 43. Nxd4 Red7 44. Nc6 Rc8 45. Ne5 Re7 46. Nc4 Nh7
47. Rb5 Rd8 48. Kf2 Nf8 49. Rg3 Kh7 50. Re3 Ne6 51. Rd5 Red7 52. Nb6 Rb7 53.
Rxd8 Nxd8 54. Nd5 Ne6 55. Re2 Rb3 56. Ke3 f5 57. exf5 gxf5 58. Rf2 Nc5 59. Nf4
Ne4 60. Rc2 Nf6 61. Rc5 Rb7 62. Rxf5 Re7+ 63. Kf3 1-0

[Event "III Open A"]
[Site "Biella ITA"]
[Date "2012.09.30"]
[Round "4"]
[White "Lucchese, Paolo"]
[Black "Moroni, Luca jr"]
[WhiteElo "1957"]
[BlackElo "2120"]
[Result "0-1"]
[PlyCount "150"]
[EventDate "2012.09.28"]

1. e4 c5 2. Nf3 d6 3. d4 cxd4 4. Nxd4 Nf6 5. Nc3 a6 6. Bg5 e6 7. Qf3 Be7 8.
O-O-O Nbd7 9. Be2 h6 10. Be3 Qc7 11. Qg3 Rg8 12. h4 Nc5 13. Bf3 Bd7 14. h5
O-O-O 15. Kb1 Kb8 16. Rhe1 Bc8 17. a3 Ncd7 18. Nb3 b6 19. Bf4 Ne5 20. Be2 Bb7
21. Bxe5 dxe5 22. Rxd8+ Bxd8 23. Qe3 Be7 24. Rd1 Rc8 25. Rd3 b5 26. Bd1 Ne8 27.
Qf3 Nd6 28. Qg3 Nxe4 29. Nxe4 Bxe4 30. Rc3 Qd6 31. Rxc8+ Kxc8 32. Bf3 Bxf3 33.
Qxf3 f5 34. Qa8+ Kd7 35. f3 Qd1+ 36. Ka2 Qxc2 37. Qxa6 Qc4 38. Qb7+ Ke8 39.
Qb8+ Kf7 40. Qxe5 Bf6 41. Qe1 g6 42. hxg6+ Kxg6 43. Qd2 Bg7 44. Qf2 Kh7 45. Qd2
e5 46. Qc3 Qf1 47. Qc2 Kg6 48. Nc5 Bf6 49. Kb3 Kg5 50. Kb4 Be7 51. Ka5 Bd8+ 52.
Kb4 Be7 53. Ka5 Bxc5 54. Qxc5 Qxg2 55. Qe3+ Kg6 56. Qb6+ Kg5 57. Qe3+ Kh5 58.
b4 e4 59. fxe4 Qxe4 60. Qh3+ Kg5 61. Qg3+ Qg4 62. Qe3+ f4 63. Qe7+ Kh5 64. Qe8+
Kh4 65. Qe1+ Qg3 66. Qh1+ Kg4 67. Qxh6 Qxa3+ 68. Kxb5 Qd3+ 69. Ka5 Qd8+ 70. Ka4
Qa8+ 71. Kb3 Qd5+ 72. Ka3 f3 73. Qg6+ Qg5 74. Qe6+ Kg3 75. Qe1+ f2 0-1

[Event "III Open A"]
[Site "Biella ITA"]
[Date "2012.09.30"]
[Round "4"]
[White "Madiai, Federico"]
[Black "Collutiis, Duilio"]
[WhiteElo "2214"]
[BlackElo "2501"]
[Result "0-1"]
[PlyCount "98"]
[EventDate "2012.09.28"]

1. e4 c5 2. Nf3 e6 3. c3 Nf6 4. e5 Nd5 5. Bc4 Nb6 6. Bb3 d6 7. d4 cxd4 8. cxd4
dxe5 9. Nxe5 Nc6 10. Nxc6 bxc6 11. O-O Be7 12. Nc3 O-O 13. Qf3 Ba6 14. Rd1 Rc8
15. Ne4 Bc4 16. Bxc4 Nxc4 17. b3 Nb6 18. Bb2 Qd5 19. Qe2 Rfd8 20. g3 Qf5 21.
Kg2 Nd5 22. Rac1 h5 23. Qf3 Qxf3+ 24. Kxf3 g5 25. Rc4 f5 26. Nc5 Kf7 27. Re1
g4+ 28. Kg2 Bxc5 29. dxc5 Nf6 30. Ra4 Rd7 31. Be5 Ne4 32. Bd6 e5 33. Bxe5 Nxc5
34. Ra5 Nd3 35. Re3 Re8 36. Bc3 c5 37. Rxe8 Kxe8 38. Bd2 Nxf2 39. Be3 Ne4 40.
Bxc5 Rd2+ 41. Kg1 Ng5 42. Bxa7 Nf3+ 43. Kf1 Nxh2+ 44. Ke1 Nf3+ 45. Kf1 h4 46.
Bf2 f4 47. Ra8+ Kd7 48. gxh4 g3 49. Ra7+ Kc8 0-1

[Event "III Open A"]
[Site "Biella ITA"]
[Date "2012.09.30"]
[Round "4"]
[White "Migliorini, Matteo"]
[Black "Vezzosi, Paolo"]
[WhiteElo "1976"]
[BlackElo "2309"]
[Result "0-1"]
[PlyCount "58"]
[EventDate "2012.09.28"]

1. e4 e6 2. d4 d5 3. Nc3 Bb4 4. e5 Ne7 5. Bd2 c5 6. f4 Nf5 7. Nf3 Nc6 8. dxc5
Bxc5 9. Bd3 a6 10. Qe2 b5 11. O-O-O O-O 12. Kb1 b4 13. Bxf5 exf5 14. Nxd5 Qxd5
15. Bxb4 Qe4 16. Qxe4 fxe4 17. Bxc5 exf3 18. Bxf8 fxg2 19. Rhg1 Kxf8 20. Rd6
Bb7 21. Rd7 Nd8 22. e6 fxe6 23. Rgd1 Bf3 24. Re1 Be2 25. Rg1 Bf1 26. c4 Nc6 27.
Rd6 Rc8 28. Rxe6 Nd4 29. Rxa6 Rxc4 0-1

[Event "III Open A"]
[Site "Biella ITA"]
[Date "2012.09.30"]
[Round "4"]
[White "Milchev, Nikolay"]
[Black "Pulito, Alberto"]
[WhiteElo "2422"]
[BlackElo "2287"]
[Result "1-0"]
[PlyCount "79"]
[EventDate "2012.09.28"]

1. Nf3 Nf6 2. c4 e6 3. g3 b6 4. Bg2 Bb7 5. O-O Be7 6. b3 O-O 7. Bb2 c5 8. e3 d5
9. Qe2 Nbd7 10. Nc3 Rc8 11. Nh4 Ne4 12. cxd5 exd5 13. Nf5 Bf6 14. d4 Nxc3 15.
Bxc3 Nb8 16. Rfd1 g6 17. Nh6+ Kh8 18. Qb2 c4 19. Ng4 Bg7 20. bxc4 Rxc4 21. Ne5
Rc7 22. a4 Qc8 23. Bb4 Qf5 24. Qb3 Rc2 25. Be1 f6 26. Nd3 Rfc8 27. Nc5 bxc5 28.
Qxb7 Qd7 29. Qxd7 Nxd7 30. Bxd5 f5 31. Be6 Rd8 32. Ba5 Nb6 33. dxc5 Re8 34.
Rac1 Rxc1 35. Rxc1 Bb2 36. Bf7 Rf8 37. Rc2 Rxf7 38. Rxb2 Nxa4 39. Rb8+ Kg7 40.
c6 1-0

[Event "III Open A"]
[Site "Biella ITA"]
[Date "2012.09.30"]
[Round "4"]
[White "Naumkin, Igor"]
[Black "Solomon, Kenny"]
[WhiteElo "2473"]
[BlackElo "2426"]
[Result "1-0"]
[PlyCount "85"]
[EventDate "2012.09.28"]

1. d4 Nf6 2. c4 e6 3. Nf3 b6 4. g3 Ba6 5. b3 Bb4+ 6. Bd2 Be7 7. Bg2 d5 8. cxd5
exd5 9. O-O O-O 10. Nc3 Re8 11. Rc1 Bb7 12. Bf4 Na6 13. Qc2 h6 14. Be5 Qd7 15.
Rfd1 Qe6 16. Bxf6 Bxf6 17. Qb1 c5 18. e3 g5 19. dxc5 bxc5 20. Nxd5 Bg7 21. Ne1
Rab8 22. Nc2 f5 23. Rd2 Kh8 24. Rcd1 Rf8 25. Na3 Ba8 26. Nc4 Rbe8 27. Rd3 Qg6
28. Qc1 Re6 29. Qd2 Rfe8 30. Qa5 f4 31. a3 fxg3 32. hxg3 Rf8 33. Qd2 Qf7 34. e4
Nb8 35. Nde3 Bd4 36. Rxd4 cxd4 37. Qxd4+ Qf6 38. Qxf6+ Rexf6 39. e5 Bxg2 40.
exf6 Bf3 41. Rd6 Nc6 42. Nd2 Ne5 43. Re6 1-0

[Event "III Open A"]
[Site "Biella ITA"]
[Date "2012.09.30"]
[Round "4"]
[White "Panico, Marcello"]
[Black "Gerola, Fausto"]
[WhiteElo "1449"]
[BlackElo "2199"]
[Result "0-1"]
[PlyCount "44"]
[EventDate "2012.09.28"]

1. d4 d5 2. Nf3 Nf6 3. g3 c5 4. e3 Nc6 5. Bg2 Bg4 6. O-O e6 7. Nbd2 Be7 8. b3
cxd4 9. exd4 Nxd4 10. Bb2 Nxf3+ 11. Nxf3 O-O 12. h3 Bf5 13. g4 Be4 14. g5 Nd7
15. Qd4 f6 16. h4 e5 17. Qe3 Qb6 18. Qe2 Rac8 19. Rac1 Qe6 20. Kh2 Qg4 21. Bh3
Qf4+ 22. Kg1 Bxf3 0-1

[Event "III Open A"]
[Site "Biella ITA"]
[Date "2012.09.30"]
[Round "4"]
[White "Rambaldi, Francesco"]
[Black "Faraoni, Enrico"]
[WhiteElo "2277"]
[BlackElo "2075"]
[Result "1-0"]
[PlyCount "63"]
[EventDate "2012.09.28"]

1. c4 e5 2. g3 Nc6 3. Bg2 g5 4. e3 Bg7 5. Nc3 d6 6. Nge2 Nge7 7. d4 Ng6 8. d5
Nce7 9. e4 h6 10. O-O Rg8 11. b4 a5 12. c5 axb4 13. cxd6 cxd6 14. Nb5 Qb6 15.
a4 bxa3 16. Nec3 f5 17. Bxa3 Rxa3 18. Nxa3 Bd7 19. Nc4 Qc7 20. Qb3 Kf7 21. Nb5
Bxb5 22. Qxb5 Rc8 23. Nb6 Rb8 24. Rfc1 Qd8 25. Ra4 Nf8 26. Rac4 Kg8 27. Rc7 Bf6
28. Qb1 f4 29. Bf3 Nc6 30. dxc6 Qxc7 31. Nd5 Qf7 32. c7 1-0